000 00502nam a22001937a 4500
003 CEME
005 20210628203229.0
008 210203b xxu||||| |||| 00| 0 eng d
020 _a9788131715475
040 _c.
082 _a658.8 KOT
100 _aKotler, Philip , Armstrong, Gary
_964134
245 _aPrinciples of marketing
250 _a12TH
260 _aINDIA
_bPRENTICE HALL
_c2008
300 _aXXXII, 557P
650 _aMARKETING. , PRINCIPLES OF MARKETING
_964135
942 _cBK
_2ddc
999 _c572742
_d572742